Proccedings 20th Annual Convention of Dallas 1929. (Record no. 5394)

MARC details
000 -CABECERA
campo de control de longitud fija 00803nam a2200205 a 4500
001 - NÚMERO DE CONTROL
campo de control BRCA_5701
005 - FECHA Y HORA DE LA ÚLTIMA TRANSACCIÓN
campo de control 20190320205203.0
008 - DATOS DE LONGITUD FIJA--INFORMACIÓN GENERAL
campo de control de longitud fija 020311m19291935u--#######---#100-0#eng-#
041 ## - CÓDIGO DE LENGUA
Código de lengua del texto/banda sonora o título independiente eng
044 ## - CÓDIGO DEL PAÍS DE LA ENTIDAD EDITORA/PRODUCTORA
Código MARC del país u
050 #4 - SIGNATURA TOPOGRÁFICA DE LA BIBLIOTECA DEL CONGRESO
Número de clasificación HF5001
Número de documento/Ítem .R78
-- 1929
245 10 - MENCIÓN DE TÍTULO
Título Proccedings 20th Annual Convention of Dallas 1929.
Mención de responsabilidad, etc. Rotary international.
300 ## - DESCRIPCIÓN FÍSICA
Extensión 5 v.
Dimensiones 23 cm.
500 ## - NOTA GENERAL
Nota general Contiene: v.1. Proccedings 20th Annual Convention of Dallas 1929. v.2.Proccedings 22th Annual Convention of Viena 1931. v.3. Proccedings 23th Annual Convention of Seattle 1932 v.4. Proccedings 24th Annual Convention of Boston Mass. 1933. v.5. Proccedings 26th Annual Convention of Mexico City.
500 ## - NOTA GENERAL
Nota general H24
650 14 - PUNTO DE ACCESO ADICIONAL DE MATERIA--TÉRMINO DE MATERIA
Término de materia o nombre geográfico como elemento de entrada Asociaciones
9 (RLIN) 14481
710 2# - PUNTO DE ACCESO ADICIONAL--NOMBRE DE ENTIDAD CORPORATIVA
Nombre de entidad corporativa o nombre de jurisdicción como elemento de entrada Rotary international.
9 (RLIN) 14482
902 ## - CATALOGADOR
Iniciales GFM
942 ## - ELEMENTOS DE PUNTO DE ACCESO ADICIONAL (KOHA)
Fuente del sistema de clasificación o colocación Library of Congress Classification
Tipo de ítem Koha Libros
Holdings
Estado de retiro Estado de pérdida Estado dañado No para préstamo Localización permanente Ubicación/localización actual Fecha de adquisición Número de inventario Total de préstamos Signatura topográfica completa Código de barras Fecha visto por última vez Precio válido a partir de Tipo de ítem Koha
El ejemplar forma parte de la colección y puede ser consultado según las políticas vigentes.       Biblioteca del Museo Franz Mayer (Rogerio Casas-Alatriste) Biblioteca del Museo Franz Mayer (Rogerio Casas-Alatriste) 02/03/2011 H24   HF5001 .R78 1929 (H24) 6137 22/03/2019 22/03/2019 Libros